| 000 | 01347nam a2200361 i 4500 | ||
|---|---|---|---|
| 003 | EG-ScBUE | ||
| 005 | 20230215030634.0 | ||
| 008 | 200219t2021 paua f b 001 0 eng d | ||
| 020 | _a9781975154455 | ||
| 020 | _a1975154452 | ||
| 040 |
_aEG-ScBUE _beng _erda _cEG-ScBUE _dEG-ScBUE |
||
| 082 | 0 | 4 |
_a618.92 _bKYL _222 |
| 100 | 1 |
_aKyle, Terri, _eauthor. |
|
| 245 | 1 | 0 |
_aEssentials of pediatric nursing / _cTerri Kyle, DNP, MSN, CPNP, Adjunct Faculty, Advent Health University, Orlando, Florida, Susan Carman, MSN, MBA, Professor of Nursing, Most recently, Edison Community College, Fort Myers, Florida. |
| 250 | _aFourth edition. | ||
| 264 | 1 |
_aPhiladelphia : _bWolters Kluwer, _c[2021] |
|
| 264 | 4 | _cc2021 | |
| 300 |
_axxi, 1103 pages : _bcolor illustrations ; _c29 cm |
||
| 336 |
_atext _2rdacontent _btxt |
||
| 337 |
_aunmediated _2rdamedia _bn |
||
| 338 |
_avolume _2rdacarrier _bnc |
||
| 504 | _aIncludes bibliographical references and index. | ||
| 650 | 7 |
_aPediatric nursing. _2BUEsh |
|
| 650 | 7 |
_aNursing assessment. _2BUEsh |
|
| 650 | 7 |
_aNursing _xPractice. _2BUEsh |
|
| 653 |
_bNNUR _cFebruary2023 |
||
| 655 | _vReading book | ||
| 700 | 1 |
_aCarman, Susan, _eauthor. |
|
| 906 |
_a7 _bcbc _corignew _d1 _eecip _f20 _gy-gencatlg |
||
| 942 |
_2ddc _cBB |
||
| 999 |
_c30145 _d30116 |
||